000 00895nmm a2200265 a 4500
001 ocm000780012
003 TR-IsHL
005 20201028152946.0
008 140311s2008 tu tur
007 cr cn
020 _a9789756476291
035 _a780012
_b(N$T)
050 0 4 _aBP188
_b.K37 2008
090 0 4 _aBP188
_b.K37 2008
100 1 _aKarakaş, Vehbi
245 1 0 _aSana öyle hasretim ki: peygamberimizin hayatımızdaki yeri
_h[electronic resource] /
_cVehbi Karakaş
260 _aİstanbul :
_bCihan Yayınları,
_c2008
300 _a175 p.
650 4 _aFelsefe, Psikoloji ve Din
650 4 _aPhilosophy, Psychology and Religion
650 0 _aİslam dini
_x Hayat
650 0 _aIslamic religious
_x Life
650 7 _aSOCIAL SCIENCE / Islamic Studies
_2bisacsh
856 4 0 _uhttp://search.ebscohost.com/login.aspx?direct=true&scope=site&db=e011xww&AN=780012
999 _c11799
_d11799